| 000 | 00718nam a22001697a 4500 | ||
|---|---|---|---|
| 999 |
_c62011 _d62011 |
||
| 003 | Ge_BSU | ||
| 005 | 20240621111756.0 | ||
| 008 | 240621s1956 ge ||||| |||| 00| 0 geo d | ||
| 041 | _ageo | ||
| 080 | _a616-091 ჟ-99 | ||
| 245 |
_aზოგადი პათოლოგიური ანატომია / _cვ. ჟღენტი; რედ. ირ. ტატიშვილი. |
||
| 264 |
_aთბილისი : _bსაქმედგამი, _c1956. |
||
| 300 |
_a548 გვ. : _b ილ. ; _c26 სმ. |
||
| 653 | _a პათოლოგიური ანატომია | ||
| 700 |
_aტატიშვილი, ირ. _eრედაქტორი _922359 |
||
| 942 |
_2udc _cᲬᲘᲒᲜᲘ |
||